| 000 | 01332nam a22003254a 4500 | ||
|---|---|---|---|
| 001 | ebr10180602 | ||
| 003 | CaPaEBR | ||
| 006 | m u | ||
| 007 | cr cn||||||||| | ||
| 008 | 051220s2006 ne abf sb 001 0 eng | ||
| 010 | _z 2005036765 | ||
| 020 | _z0125077513 (alk. paper) | ||
| 020 | _z9780125077514 (alk. paper) | ||
| 040 |
_aCaPaEBR _cCaPaEBR |
||
| 035 | _a(OCoLC)162575724 | ||
| 050 | 1 | 4 |
_aTD193.4 _b.M667 2006eb |
| 082 | 0 | 4 |
_a628.5/2 _222 |
| 245 | 0 | 0 |
_aEnvironmental forensics _h[electronic resource] : _bcontaminant specific guide / _ceditors, Robert D. Morrison, Brian L. Murphy. |
| 260 |
_aAmsterdam ; _aBoston : _bElsevier Academic Press, _cc2006. |
||
| 300 |
_axxv, 541 p., [10] p. of plates : _bill. (some col.), maps. |
||
| 504 | _aIncludes bibliographical references and index. | ||
| 533 |
_aElectronic reproduction. _bPalo Alto, Calif. : _cebrary, _d2013. _nAvailable via World Wide Web. _nAccess may be limited to ebrary affiliated libraries. |
||
| 650 | 0 | _aEnvironmental forensics. | |
| 650 | 0 |
_aPollutants _xAnalysis. |
|
| 655 | 7 |
_aElectronic books. _2local |
|
| 700 | 1 | _aMorrison, Robert D. | |
| 700 | 1 |
_aMurphy, Brian, _d1939- |
|
| 710 | 2 | _aebrary, Inc. | |
| 856 | 4 | 0 |
_uhttp://site.ebrary.com/lib/rucke/Doc?id=10180602 _zAn electronic book accessible through the World Wide Web; click to view |
| 999 |
_c239813 _d239813 |
||